| 000 | 00432nam a22001697a 4500 | ||
|---|---|---|---|
| 999 |
_c523717 _d523717 |
||
| 003 | NUST | ||
| 038 | _awaseem | ||
| 082 |
_a891.42 _bSAH |
||
| 100 |
_aSahaid, Aziz _914489 |
||
| 245 |
_aMatanr Darian Tee / _cAziz Sahaid |
||
| 260 |
_aDiyra Ghazi Khan : _bRaees, _c1993. |
||
| 300 | _a160 p . ; | ||
| 500 | _aPaperback. | ||
| 880 |
_6100-02\r _aعزیز شاہدہ |
||
| 880 |
_6245-02\r _aمٹن دریا تے / |
||
| 942 |
_2ddc _cBK |
||